Fish swimming in dappled sunlight / Riku Onda ; ... Read More
Available copies
- 1 of 1 copy available at LARL/NWRL Consortium.
- 1 of 1 copy available at Lake Agassiz Regional Library. (Show preferred library)
Current holds
0 current holds with 1 total copy.
Show Only Available Copies
| Location | Call Number / Copy Notes | Barcode | Shelving Location | Status | Due Date |
|---|---|---|---|---|---|
| Ada Public Library | OND (Text) | 33500013635313 | Main | Available | - |
Record details
- ISBN: 9781913394592
- ISBN: 191339459X
- Physical Description: 204 pages ; 20 cm
- Publisher: London : Bitter Lemon Press, 2022.
- Copyright: ©2022
Content descriptions
| General Note: | "Original Japanese edition published by CHUOKORON-SHINSHA, INC., Japan in 2007"--Title page verso. |
| Summary, etc.: | "Set in Tokyo over the course of one night, Aki ... Read More |
Search for related items by subject
| Subject: | LANGUAGE ARTS & DISCIPLINES / Linguistics. Man-woman relationships > Fiction. Murder > Fiction. Tokyo (Japan) > Fiction. |
| Genre: | Psychological fiction. Thrillers (Fiction) Novels. |
| LDR | 02037cam a2200433Ii 4500 | ||
|---|---|---|---|
| 001 | 393150 | ||
| 003 | LARL_NWRL_CONSORTIUM | ||
| 005 | 20220729151852.0 | ||
| 008 | 201218t20222022enk 000 1 eng d | ||
| 040 | . | ‡aYDX ‡beng ‡erda ‡cYDX ‡dBDX ‡dTOH ‡dIHV | |
| 020 | . | ‡a9781913394592 ‡q(paperback) | |
| 020 | . | ‡a191339459X ‡q(paperback) | |
| 035 | . | ‡a(OCoLC)1227270877 | |
| 041 | 1 | . | ‡aeng ‡hjpn |
| 043 | . | ‡aa-ja--- | |
| 082 | 0 | 4. | ‡a895.63/6 ‡223/eng/20220714 |
| 100 | 1 | . | ‡aOnda, Riku, ‡d1964- ‡eauthor. |
| 240 | 1 | 0. | ‡aKomorebi ni oyogu sakana. ‡lEnglish |
| 245 | 1 | 0. | ‡aFish swimming in dappled sunlight / ‡cRiku Onda ; translated from the Japanese by Alison Watts. |
| 264 | 1. | ‡aLondon : ‡bBitter Lemon Press, ‡c2022. | |
| 264 | 4. | ‡c©2022 | |
| 300 | . | ‡a204 pages ; ‡c20 cm | |
| 336 | . | ‡atext ‡btxt ‡2rdacontent | |
| 337 | . | ‡aunmediated ‡bn ‡2rdamedia | |
| 338 | . | ‡avolume ‡bnc ‡2rdacarrier | |
| 500 | . | ‡a"Original Japanese edition published by CHUOKORON-SHINSHA, INC., Japan in 2007"--Title page verso. | |
| 520 | . | ‡a"Set in Tokyo over the course of one night, Aki and Hiro have decided to be together one last time in their shared flat before parting. Their relationship has broken down after a mountain trek during which their guide died inexplicably. Now each believes the other to be a murderer and is determined to extract a confession before the night is over. Who is the murderer and what really happened on the mountain? In the battle of wills between them, the chain of events leading up to this night are gradually revealed"--Page 4 of cover. | |
| 650 | 7. | ‡aLANGUAGE ARTS & DISCIPLINES / Linguistics. ‡2bisacsh | |
| 650 | 0. | ‡aMan-woman relationships ‡vFiction. ‡0(LARL_NWRL_CONSORTIUM)165985 | |
| 650 | 0. | ‡aMurder ‡vFiction. ‡0(LARL_NWRL_CONSORTIUM)165989 | |
| 651 | 0. | ‡aTokyo (Japan) ‡vFiction. ‡0(LARL_NWRL_CONSORTIUM)167659 | |
| 655 | 7. | ‡aPsychological fiction. ‡2lcgft | |
| 655 | 7. | ‡aThrillers (Fiction) ‡2lcgft | |
| 655 | 7. | ‡aNovels. ‡2lcgft | |
| 700 | 1 | . | ‡aWatts, Alison, ‡etranslator. |
| 901 | . | ‡a393150 ‡bOCoLC ‡c393150 ‡tbiblio ‡soclc | |

Add to basket
Permalink
Disable Highlighting